Τα ποσοτικά μοντέλα στην ανάστροφη εφοδιαστική αλυσίδα : πτυχιακή εργασία

Αποθηκεύτηκε σε:
Λεπτομέρειες βιβλιογραφικής εγγραφής
Κύριος συγγραφέας: Ντάτσιος, Ευστάθιος
Συγγραφή απο Οργανισμό/Αρχή: Πανεπιστήμιο Αιγαίου Σχολή Επιστημών της Διοίκησης Τμήμα Διοίκησης Επιχειρήσεων - Τ.Δ.Ε
Άλλοι συγγραφείς: Βιδάλης, Μιχάλης (Εισηγητής διατριβής)
Μορφή: Thesis Βιβλίο
Γλώσσα:Greek
Δημοσίευση: 2012
Θέματα:
Διαθέσιμο Online:http://hdl.handle.net/11610/6554
Ετικέτες: Προσθήκη ετικέτας
Δεν υπάρχουν, Καταχωρήστε ετικέτα πρώτοι!

MARC

LEADER 00000cam a2200000 i 4500
001 1/43580
008 140304s2012 gre d
035 |l 10116966 
040 |a GR-MY-UA  |b gre  |e aacr 
041 0 |a gre 
082 0 |a 658.50015118  |2 (23) 
100 1 |a Ντάτσιος, Ευστάθιος. 
245 1 3 |a Τα ποσοτικά μοντέλα στην ανάστροφη εφοδιαστική αλυσίδα :  |b πτυχιακή εργασία /  |c Ευστάθιος Ντάτσιος ; επιβλέπων καθηγητής Μιχαήλ Βιδάλης 
260 |c 2012 
300 |a 86 σ.;  |b εικ., σχ.;  |c 30 εκ. 
502 |a Πτυχιακή εργασία – Πανεπιστήμιο Αιγαίου, Χίος, 2012. 
650 0 0 |a Business logistics  |x Mathematical models. 
650 0 0 |a Dissertations, Academic  |z Greece. 
700 1 |a Βιδάλης, Μιχάλης.  |4 ths 
710 1 |a Πανεπιστήμιο Αιγαίου  |b Σχολή Επιστημών της Διοίκησης  |b Τμήμα Διοίκησης Επιχειρήσεων - Τ.Δ.Ε. 
852 |a INST  |b CHIOS  |c DIATR  |e 20140304  |h 658.50015118 ΝΤΑ  |p 005200034955  |q 005200034955  |t DIE  |y 23 
852 |a INST  |b CHIOS  |c DIATR  |e 20140304  |h 658.50015118 ΝΤΑ  |p 005200034956  |q 005200034956  |t DIE  |y 23 
856 |u http://hdl.handle.net/11610/6554 
901 |a BIBL2-2014-1 
909 |a Χ  |b 176010 
909 |a Χ  |b 176011 
924 |a Ντάτσιος  |b Ευστάθιος  |y Χίος  |z 2012-10 
970 |a Σπέντζα  |b Ελένη  |z 2014/03/04